Universal's handbook on the Right to information act 2005 / (Record no. 65987)

MARC details
000 -LEADER
fixed length control field 00472nam a22001577a 4500
005 - DATE AND TIME OF LATEST TRANSACTION
control field 20180806160035.0
020 ## - INTERNATIONAL STANDARD BOOK NUMBER
International Standard Book Number 9788175344761
Terms of availability 350.00
035 ## - SYSTEM CONTROL NUMBER
System control number B-220675, B-220687
037 ## - SOURCE OF ACQUISITION
Stock number DPL
Source of stock number/acquisition ENG
100 ## - MAIN ENTRY--PERSONAL NAME
Personal name Das, P.K.
245 ## - TITLE STATEMENT
Title Universal's handbook on the Right to information act 2005 /
Statement of responsibility, etc by P.K. Das
250 ## - EDITION STATEMENT
Edition statement rprn.
260 ## - PUBLICATION, DISTRIBUTION, ETC. (IMPRINT)
Place of publication, distribution, etc New Delhi
Name of publisher, distributor, etc Universal Publishing Co.
Date of publication, distribution, etc 2007
300 ## - PHYSICAL DESCRIPTION
Extent xiv, 460p.
Dimensions 22 cms.
942 ## - ADDED ENTRY ELEMENTS (KOHA)
Source of classification or shelving scheme Dewey Decimal Classification
Item type English Books
Classification part 323.445
Call number suffix DAS
Holdings
Withdrawn status Lost status Not for loan Collection code Home library Current library Date acquired Cost, normal purchase price Full call number Barcode Cost, replacement price Koha item type Source of acquisition
      Non-fiction Sarojini Nagar Sarojini Nagar 02/05/2012 350.00 323.445 DAS B-220675 350.00 English Books  
      Non-fiction Shahdara Branch Shahdara Branch 06/08/2018 350.00 323.445 DAS B-220687 350.00 English Books BPPD/PUB

© Delhi Public Library
Hit Counter
free hit counter